000 00339nam a22001217a 4500
082 _a340.59 HIL
100 _aHilal, Abu Tariq
_aAbu Ismael al-Beirawi
245 _aUnderstanding Usul Al-Fiqh: Principles of islamic Jurisprudence
260 _aNew Delhi
_bRevival Publications
_c2007
300 _a243
650 _aIslam- Fiqh
942 _cBK
999 _c20122
_d20122